| 000 | 00405nam a22001697a 4500 | ||
|---|---|---|---|
| 003 | NUST - PNEC | ||
| 005 | 20170116181158.0 | ||
| 008 | 160119b xxu||||| |||| 00| 0 eng d | ||
| 020 | _a- | ||
| 040 | _cLIBRARY | ||
| 082 | _a530 HAL | ||
| 100 |
_916111 _aHalliday, David |
||
| 245 |
_aFundamentals of physics _cDavid Halliday |
||
| 250 | _a5th ed. | ||
| 650 |
_916112 _aPhysics _xME |
||
| 942 |
_2ddc _cBK |
||
| 999 |
_c71311 _d71311 |
||